000 00357nam a2200157Ia 4500
003 OSt
005 20240115110050.0
008 170524s9999 xx 000 0 und d
020 _a812031235x
040 _ciimt university meerut
100 _aLevin- Richard I.
245 0 _aStatics for Management
260 _bP H I
260 _c2004
942 _2ddc
_c02
999 _c6211
_d6211